Ana Uhibu sadiqiun = (Record no. 185040)
[ view plain ]
| 000 -LEADER | |
|---|---|
| fixed length control field | 01483pam a2200409 ia4500 |
| 001 - CONTROL NUMBER | |
| control field | vtls000905144 |
| 003 - CONTROL NUMBER IDENTIFIER | |
| control field | PNM |
| 005 - DATE AND TIME OF LATEST TRANSACTION | |
| control field | 20210926115732.0 |
| 008 - FIXED-LENGTH DATA ELEMENTS--GENERAL INFORMATION | |
| fixed length control field | 200610s2021 my a j 000 1 ara |
| 015 ## - NATIONAL BIBLIOGRAPHY NUMBER | |
| National bibliography number | M21-02336 |
| 020 ## - INTERNATIONAL STANDARD BOOK NUMBER | |
| International Standard Book Number | 9789670695808 |
| Qualifying information | set |
| International Standard Book Number | 9789670695839 |
| Qualifying information | paperback |
| Terms of availability | RM22.50 |
| 039 #9 - LEVEL OF BIBLIOGRAPHIC CONTROL AND CODING DETAIL [OBSOLETE] | |
| Level of rules in bibliographic description | 202105051137 |
| Level of effort used to assign nonsubject heading access points | siti |
| Level of effort used to assign subject headings | 202104271022 |
| Level of effort used to assign classification | kalthom |
| Level of effort used to assign subject headings | 202103091723 |
| Level of effort used to assign classification | hema |
| Level of effort used to assign subject headings | 202007091257 |
| Level of effort used to assign classification | dayang |
| 040 ## - CATALOGING SOURCE | |
| Original cataloging agency | BNM |
| Language of cataloging | eng |
| Transcribing agency | BNM |
| Description conventions | rda |
| Modifying agency | PPAK |
| 041 0# - LANGUAGE CODE | |
| Language code of text/sound track or separate title | ara |
| -- | may |
| 049 ## - LOCAL HOLDINGS (OCLC) | |
| Holding library | mal |
| 082 04 - DEWEY DECIMAL CLASSIFICATION NUMBER | |
| Classification number | 892.737 |
| Edition number | 23 |
| 090 00 - LOCALLY ASSIGNED LC-TYPE CALL NUMBER (OCLC); LOCAL CALL NUMBER (RLIN) | |
| Classification number (OCLC) (R) ; Classification number, CALL (RLIN) (NR) | 892.737 |
| Feature heading | ATI |
| Feature heading | K |
| 100 0# - MAIN ENTRY--PERSONAL NAME | |
| Personal name | Atikah Mohamad Fadzil, |
| Relator term | author. |
| 245 10 - TITLE STATEMENT | |
| Linkage | 880-01 |
| Title | Ana Uhibu sadiqiun = |
| Remainder of title | Aku Sayang Kawanku / |
| Statement of responsibility, etc. | Atikah Mohamad Fadzil |
| 246 31 - VARYING FORM OF TITLE | |
| Title proper/short title | Aku sayang kawanku |
| 264 #1 - PRODUCTION, PUBLICATION, DISTRIBUTION, MANUFACTURE, AND COPYRIGHT NOTICE | |
| Place of production, publication, distribution, manufacture | Bemban, Melaka : |
| Name of producer, publisher, distributor, manufacturer | PENERBITAN PELITA ILMU, |
| Date of production, publication, distribution, manufacture, or copyright notice | [2021?] |
| 300 ## - PHYSICAL DESCRIPTION | |
| Extent | 32 pages : |
| Other physical details | colour illustrations ; |
| Dimensions | 26 cm. |
| 336 ## - CONTENT TYPE | |
| Content type term | text |
| Source | rdacontent |
| 337 ## - MEDIA TYPE | |
| Media type term | unmediated |
| Source | rdamedia |
| 338 ## - CARRIER TYPE | |
| Carrier type term | volume |
| Source | rdacarrier |
| 490 1# - SERIES STATEMENT | |
| Linkage | 880-02 |
| Series statement | Al-silsilatu fi ta'ziizi al-lughati al-dhakiyah = |
| -- | Siri Pintar Bahasa Arab |
| 546 ## - LANGUAGE NOTE | |
| Language note | Text parallel in Arabic and Malay |
| 650 10 - SUBJECT ADDED ENTRY--TOPICAL TERM | |
| Topical term or geographic name entry element | Children's stories, Arabic |
| Topical term or geographic name entry element | Arabic fiction |
| 830 #0 - SERIES ADDED ENTRY--UNIFORM TITLE | |
| Uniform title | Siri pintar bahasa Arab |
| 880 10 - ALTERNATE GRAPHIC REPRESENTATION | |
| Linkage | 245-01/(3/r |
| a | أَنَا أُحِبُّ صَدِيْقِيْ |
| Linkage | 490-02/(3/r |
| a | السِلْسِلَةُ اللُّغَةُ العَرَبِيَّةُ الذَّكِيَّةُ |
| 942 ## - ADDED ENTRY ELEMENTS (KOHA) | |
| Source of classification or shelving scheme | Dewey Decimal Classification |
| Koha item type | Book |
| 949 ## - LOCAL PROCESSING INFORMATION (OCLC) | |
| 6 | 2000786120 |
| 6 | 2000786119 |
| Withdrawn | Not for loan | Current library | Shelving location | Date acquired | Total Checkouts | Full call number | Barcode | Date last seen | Date last checked out | Koha item type |
|---|---|---|---|---|---|---|---|---|---|---|
| Perpustakaan Alor Setar | Pinjaman Kanak-kanak | 18/10/2021 | 2 | K 892.737 ATI | A01705820 | 24/11/2024 | 04/11/2024 | Book | ||
| Perpustakaan Awam Sungai Petani | Pinjaman Kanak-kanak | 18/10/2021 | 5 | K 892.737 ATI | A01705821 | 05/05/2025 | 12/04/2025 | Book | ||
| Perpustakaan Baling | Pinjaman Kanak-kanak | 18/10/2021 | K 892.737 ATI | A01705825 | 18/10/2021 | Book | ||||
| Perpustakaan Bandar Baharu | Pinjaman Kanak-kanak | 18/10/2021 | K 892.737 ATI | A01705826 | 18/10/2021 | Book | ||||
| Perpustakaan Jitra | Pinjaman Kanak-kanak | 18/10/2021 | K 892.737 ATI | A01705822 | 18/10/2021 | Book | ||||
| Perpustakaan Kuala Nerang | Pinjaman Kanak-kanak | 18/10/2021 | K 892.737 ATI | A01705830 | 18/10/2021 | Book | ||||
| Perpustakaan Kulim | Pinjaman Kanak-kanak | 18/10/2021 | 1 | K 892.737 ATI | A01705824 | 01/12/2024 | 25/11/2024 | Book | ||
| Perpustakaan Langkawi | Pinjaman Kanak-kanak | 18/10/2021 | K 892.737 ATI | A01705823 | 18/10/2021 | Book | ||||
| Perpustakaan Merbok | Pinjaman Kanak-kanak | 18/10/2021 | K 892.737 ATI | A01705827 | 18/10/2021 | Book | ||||
| Perpustakaan Pendang | Pinjaman Kanak-kanak | 18/10/2021 | K 892.737 ATI | A01705831 | 18/10/2021 | Book | ||||
| Perpustakaan Sik | Pinjaman Kanak-kanak | 18/10/2021 | K 892.737 ATI | A01705829 | 18/10/2021 | Book | ||||
| Perpustakaan Yan | Pinjaman Kanak-kanak | 18/10/2021 | 3 | K 892.737 ATI | A01705828 | 29/10/2025 | 12/10/2025 | Book | ||
| Bergerak 4, Sungai Petani | Pinjaman Kanak-kanak | 18/10/2021 | K 892.737 ATI | A01705832 | 18/10/2021 | Book |